| Tag |
First Indicator |
Second Indicator |
Subfields |
| LEADER |
00000cam a2200000 i 4500 |
| 001 |
in00000031753 |
| 005 |
20151007063111.0 |
| 008 |
781128s1901 gw a 00010 ger d |
| 035 |
|
|
|a (OCoLC)04401843
|
| 035 |
|
|
|9 AAD6561AM
|
| 040 |
|
|
|a XFM
|c XFM
|d TXA
|d UtOrBLW
|
| 049 |
|
|
|a TXAM
|d [
|p = pt.]
|v 1 [46649]
|v 2
|p 1 [46650]
|p 2 [46651]
|
| 090 |
|
|
|a PN553
|b .K3
|
| 092 |
|
|
|a 809
|b K18a
|
| 100 |
1 |
|
|a Karpeles, Gustav,
|d 1848-1909.
|
| 245 |
1 |
0 |
|a Allgemeine geschichte der litteratur von ihren anfaugen bis auf die gegenwart /
|c von Gustav Karpeles.
|
| 264 |
|
1 |
|a Berlin :
|b Baumgartel,
|c 1901.
|
| 300 |
|
|
|a 2 volumes :
|b illustrations
|
| 336 |
|
|
|a text
|b txt
|2 rdacontent
|
| 337 |
|
|
|a unmediated
|b n
|2 rdamedia
|
| 338 |
|
|
|a volume
|b nc
|2 rdacarrier
|
| 999 |
|
|
|a MARS
|
| 999 |
f |
f |
|s 8562cceb-7664-30ca-a1b7-76e51cd79bb8
|i cc361808-0fee-36bd-92c9-c11690d1d843
|t 0
|
| 952 |
f |
f |
|p ric
|a Texas A&M University
|b Rellis Campus
|c Joint Library Facility
|d Remote Storage
|t 0
|e PN553 .K3
|h Library of Congress classification
|i unmediated -- volume
|k v.1
|m A14801205163
|
| 952 |
f |
f |
|p ric
|a Texas A&M University
|b Rellis Campus
|c Joint Library Facility
|d Remote Storage
|t 0
|e PN553 .K3
|h Library of Congress classification
|i unmediated -- volume
|k v.2:pt.1
|m A14801205171
|
| 952 |
f |
f |
|p ric
|a Texas A&M University
|b Rellis Campus
|c Joint Library Facility
|d Remote Storage
|t 0
|e PN553 .K3
|h Library of Congress classification
|i unmediated -- volume
|k v.2:pt.2
|m A14801205189
|
| 998 |
f |
f |
|a PN553 .K3
|s v.1-v.2:pt.2
|t 0
|l Remote Storage
|